000
00249nam a2200097Ia 4500
001
1155468
005
20250827011203.0
008
250824s9999 xx 000 0 und d
245
0
_a
KARLI BİR GECE VAKTİ
_c
İSMAİL ÖZEN
260
_b
KETEBE YAYINLARI
999
_c
1155468
_d
1155468